Šlosárová, A.: Súvzťažnosti k účtom účtovej osnovy pre podnikateľov

Recenzia publikácie Šlosárová, A.: Súvzťažnosti k účtom účtovej osnovy pre podnikateľov. Bratislava, Iura Edition 1998. Publikácia je určená pre právnické a fyzické osoby účtujúce v sústave podvojného účtovníctva, ktoré podnikajú podľa osobitých predpisov. Publikácia je spracovaná v siedmich relatív...

Descripción completa

Guardado en:
Detalles Bibliográficos
Autor principal: Mázik, Ján
Formato: Capítulo de libro
Lenguaje:eslovaco
Materias:
Etiquetas: Agregar Etiqueta
Sin Etiquetas, Sea el primero en etiquetar este registro!

MARC

LEADER 00000naa a2200000 4500
001 r034843
005 20231002071456.8
041 0 |a slo 
044 |a SK 
245 1 0 |a Šlosárová, A.: Súvzťažnosti k účtom účtovej osnovy pre podnikateľov  |c Ján Mázik 
520 |a Recenzia publikácie Šlosárová, A.: Súvzťažnosti k účtom účtovej osnovy pre podnikateľov. Bratislava, Iura Edition 1998. Publikácia je určená pre právnické a fyzické osoby účtujúce v sústave podvojného účtovníctva, ktoré podnikajú podľa osobitých predpisov. Publikácia je spracovaná v siedmich relatívne samostatných častiach podľa jednotlivých účtových tried účtovej osnovy. 
610 2 0 |a osnova účtová 
610 2 0 |a podnikatelia 
610 2 0 |a recenzie 
610 2 0 |a účtovníctvo podvojné 
610 2 0 |a účty 
610 2 0 |a osoby fyzické 
610 2 0 |a osoby právnické 
100 1 |a Mázik, Ján